|
|
|
|
| LEADER |
00000nas a2200000 a 4500 |
| 001 |
ssj0000394051 |
| 003 |
WaSeSS |
| 005 |
20200512172242.0 |
| 006 |
m d |
| 007 |
cr n |
| 008 |
100609d20092015ii fr p s 0 a0eng c |
| 010 |
|
|
|a 2010243767
|
| 016 |
7 |
|
|a 101540507
|2 DNLM
|
| 022 |
|
|
|a 0976-2825
|y 2006-8808
|
| 035 |
|
|
|a (WaSeSS)ssj0000394051
|
| 040 |
|
|
|a FQM
|b eng
|c FQM
|d OCLCQ
|d NLM
|d AU@
|d VRC
|d OCLCQ
|d CUS
|d OCLCF
|d CUS
|d OCLCQ
|d OCLCO
|d OCLCQ
|d OCLCO
|d OCLCA
|d NLM
|d WaSeSS
|
| 042 |
|
|
|a pcc
|
| 050 |
1 |
4 |
|a RD32
|
| 060 |
1 |
0 |
|a W1
|
| 210 |
1 |
|
|a J surg tech case rep
|b (Online)
|
| 222 |
|
0 |
|a Journal of surgical technique and case report
|b (Online)
|
| 245 |
0 |
0 |
|a Journal of surgical technique and case report
|h [electronic resource].
|
| 246 |
3 |
0 |
|a JSTCR
|
| 250 |
|
|
|a Electronic version.
|
| 260 |
|
|
|a [Mumbai, India] :
|b Medknow
|
| 310 |
|
|
|a Semiannual
|
| 362 |
1 |
|
|a Began with vol. 1, no. 1 (Jan.-June 2009); ceased with Volume 7 (2015)
|
| 500 |
|
|
|a Publication of the Society for Academic Surgery and Usmanu Danfodiyo University Teaching Hospital, Sokoto Nigeria.
|
| 506 |
|
|
|a License restrictions may limit access.
|
| 588 |
|
|
|a Description based on: Vol. 1, no. 1 (Jan.-June 2009); title from journal home page (Publisher's Web site, viewed June 4, 2010).
|
| 588 |
|
|
|a Latest issue consulted: Vol. 2, no. 1 (Jan.-June 2010) (viewed Oct. 13, 2010).
|
| 650 |
|
0 |
|a Surgery, Operative
|v Periodicals.
|
| 650 |
1 |
2 |
|a General Surgery.
|
| 650 |
2 |
2 |
|a Surgical Procedures, Operative.
|
| 650 |
|
7 |
|a Surgery, Operative.
|2 fast
|0 (OCoLC)fst01139411
|
| 655 |
|
0 |
|a Electronic journals.
|
| 710 |
2 |
|
|a Society for Academic Surgery.
|
| 710 |
2 |
|
|a Usmanu Danfodiyo University Teaching Hospital.
|
| 776 |
0 |
8 |
|i Print version:
|t Journal of surgical technique and case report
|x 2006-8808
|
| 856 |
4 |
0 |
|z Full text available from Research Library: 01/01/2009 to 07/31/2015
|u https://search.proquest.com/publication/226470
|